000 00572nam a2200181Ia 4500
008 100920s9999 xx 000 0 und d
082 _b106681
_a891.43 न 09
100 _aपाटील सुरेश.
245 _aदलित -इंडिया.
260 _bसंगीता प्रकाशन, दिल्ली.
_c2009
300 _a104
_bसाधी
365 _b125
520 _aहिंदी.
630 _aदलित -इंडिया.
650 _aहिंदी.
730 _aदलित -इंडिया.
942 _cBOOK
999 _c747106
_d747103